Tribunal Constitucional: no se puede juzgar como adultos a los adolescentes de 16 y 17 años (Registro nro. 22587)

000 -Cabecera
Campo de control interno 01865nam a2200229 4500
001 - Número de control
control field ESSALUD
005 - Fecha y hora de la última transacción
Campo de control 20260630193833.0
007 - Tipo material - Descripcion fisica - info general
Tipo material - Descripcion fisica - info general ta
008 - Elementos de Longitud Fija - Información General
Elementos de Longitud Fija - Información t pe ||||| |||| 00| 0 spa d
040 ## - Origen de la Catalogación
Origen de la Catalogación BMG
041 ## - Idioma
Idioma spa
100 ## - Autor
Autor Tribunal Constitucional. Pleno Jurisdiccional
Rol del Autor Autor
9 (RLIN) 53011
245 ## - Titulo
Titulo Tribunal Constitucional: no se puede juzgar como adultos a los adolescentes de 16 y 17 años
300 ## - Páginas
Paginación páginas 115-144
520 ## - Resumen
Resumen La edad mínima de imputabilidad penal es de 18 años, por lo que los adolescentes de 16 y 17 años a los que se les atribuya la comisión de una infracción a la ley penal, deberán ser juzgados y sancionados en el sistema penal juvenil, en los términos previstos en el Código de Responsabilidad Penal de Adolescentes. Todos los procesos tramitados de acuerdo con el Código Procesa l Penal de 2004 en contra de adolescentes de 16 y 17 años, a partir de la entrada en vigencia de la Ley N° 32330, deberán ser archivados, a fin de que las investigaciones sean reconducidas a los órganos competentes a tenor de lo dispuesto en el Código de Responsabilidad Penal de Adolescentes (Decreto Legislativo N° 1348), conforme a su normativa vigente, y en el Nuevo Código de los Niños y Adolescentes (Ley N° 27337), en lo que fuere aplicable. Será en estos nuevos procesos, bajo la dirección del fiscal y juez de familia, en los que se deberá determinar la situación jurídica de los adolescentes investigados, así como las medidas de coerción aplicables conforme al caso concreto.
650 ## - Temas - Descriptores
Temas - Descriptores ADOLESCENTES
650 ## - Temas - Descriptores
Temas - Descriptores ADULTOS
9 (RLIN) 7565
650 ## - Temas - Descriptores
Temas - Descriptores DERECHO PENAL
9 (RLIN) 156
650 ## - Temas - Descriptores
Temas - Descriptores CÓDIGO DE NIÑOS Y ADOLESCENTES
9 (RLIN) 53012
773 0# - Revista (Relacion con el numero)
Host Biblionumber 22573
Host Itemnumber 22620
Ciudad, Editorial Lima Grupo Praxis Formación Profesional, 2026-
Codigo barras item/ejemplar PRA001
Titulo de la Revista Praxis Civil & Procesal Civil
Número de control de registro ESSALUD
ISSN 3119-7671
942 ## - Elementos de Koha
Tipo de Documento Artículos
Fecha procesamiento 2026-06-30
Catalogador sqb

No hay ítems disponibles.